Statistics for Utah Jazz 2018-19 Roster

Click here to take the quiz!

General Stats

  • This quiz has been taken 91 times
  • The average score is 10 of 18

Answer Stats

NbrPostPlayer% Correct
45SGDonovan Mitchell
100%
27CRudy Gobert
97%
2SFJoe Ingles
89%
99PFJae Crowder
78%
3PGRicky Rubio
78%
15PFDerrick Favors
75%
-Head CoachQuin Snyder
68%
11PGDante Exum
63%
23SFRoyce O'Neale
57%
25PGRaul Neto
50%
10SGAlec Burks
44%
33CEkpe Udoh
43%
13CTony Bradley
43%
31SFGeorges Niang
42%
24SGGrayson Allen
39%
22SFThabo Sefolosha
32%
30SGNaz Mitrou-Long
22%
34PFTyler Cavanaugh
18%

Score Distribution

Percentile by Number Answered

Percent of People with Each Score

Your Score History

You have not taken this quiz